000 00719nam a2200229 4500
001 73881
003 BD-RjUL
005 20211209082446.0
008 170613r19661960ilu b 001 0 eng d
035 _a(BD-RjUL)74099
040 _aDLC
_cICU
_dDLC
_beng
041 _aeng
082 0 0 _a658.3124
_223
_bDEM 1966
100 1 _aDe Phillips, Frank Anthony.
_9218797
245 1 0 _aManagement of training programs /
_cby Frank A. DePhillips, William M. Berliner [and] James J. Cribbin.
260 _aHomewood, Ill. :
_bR. D. Irwin ;
_c1960, [Reprinted 1966]
300 _a469 p. :
_c24 cm.
504 _aIncludes bibliography.
650 0 _aEmployees
_xTraining of.
_9218798
942 _2ddc
_cBK
999 _c73881
_d73881